00409nam a22001337a 4500003000400000008004100004082001600045100003000061245009700091260003200188300000900220502001500229650003100244OSt260427b |||||||| |||| 00| 0 eng d a634.6bS48T aSingh, Uma Shankar Prasad aTo Study the Effect of Photosynthesis Improving Chemicals on Litchi (Litchi chinensis Sonn.) aPusa, SamastipurbRAUc1991 a58P. bMsc.d1991 aFruit and Fruit Technology